Captain Eco and the fate of the earth

Bibliographic Details
Main Author: Porritt, Jonathan
Format: Book
Published: London : Dorling Kindersley , 1991

MARC

LEADER 00000cam a2200000 7i4500
001 0000003310
002 000003571
005 20000330.0
020 |a 086318703X 
090 0 0 |a C   |b POR 
100 1 |a Porritt, Jonathan 
245 1 0 |a Captain Eco and the fate of the earth   |c Jonathan Porrit and illustrated by Ellis Nadler 
260 |a London :   |b Dorling Kindersley ,   |c 1991 
300 |a 47p. :   |b ill. ;   |c 33cm. 
999 |a 036900   |b BUKU   |c CARTOON   |e PERPUSTAKAAN KOMUNITI PETALING JAYA 
999 |a 042187   |b BUKU   |c PINJAMAN   |e PERPUSTAKAAN KOMUNITI PETALING JAYA